|
|
|
|
| LEADER |
00000cam a2200000 a 4500 |
| 003 |
Ucuenca |
| 005 |
20230308180712.0 |
| 006 |
a||||fr|||| 001 | |
| 007 |
ta |
| 008 |
998031s1993 mx aaaafr|||| 001|| spa a |
| 020 |
|
|
|a 968-25-1735-4
|
| 040 |
|
|
|b spa
|a UCuenca-cdrjbv
|c UCuenca
|e rda
|
| 041 |
1 |
|
|a spa
|
| 082 |
0 |
|
|2 22
|a 617.632
|c 203139
|
| 245 |
0 |
0 |
|a Periodoncia /
|c Robert J. Genco, Henry M. Goldman y D. Walter Cohen, traducido por Claudia P. Cervera Pineda y Rossana Sentíes Castelló.
|
| 250 |
|
|
|a Primera edición.
|
| 264 |
|
1 |
|a México:
|b Interamericana,
|c 1993.
|
| 300 |
|
|
|a xv, 770 páginas:
|b ilu
|c 28 cm
|
| 336 |
|
|
|2 rdacontent
|a texto
|b txt
|
| 337 |
|
|
|2 rdamedia
|a no mediado
|b n
|
| 338 |
|
|
|2 rdacarrier
|a volumen
|b nc
|
| 504 |
|
|
|a incl. ref.
|
| 504 |
|
|
|a iia
|
| 505 |
1 |
|
|a Historia -- Reconocimiento -- Pronóstico y plan de tratamiento -- Periodoncia preventiva -- Tratamiento de infecciones periodontales -- Terapeútica oclusal -- Cirugía periodontal.
|
| 650 |
1 |
7 |
|2 UCuenca-cdrjbv
|a Odontología
|9 3935
|
| 650 |
1 |
7 |
|a Periodoncia
|9 3934
|2 UCuenca-cdrjbv
|
| 651 |
|
|
|2 UCuenca-cdrjbv
|
| 700 |
1 |
|
|a Genco, Robert J.
|9 215365
|e editor
|
| 700 |
1 |
|
|a Cohen, D. Walter
|9 90914
|e editor
|
| 700 |
1 |
|
|a Goldman, Henry M.
|e autor
|9 89141
|
| 700 |
1 |
|
|a Cervera Pineda, Claudia Patricia
|e traductor
|9 89648
|
| 852 |
|
|
|a UC-SALUD
|f Compra
|l 1
|m General
|p 19980318
|q 8.40
|r 1
|t 29626
|w Odontología
|b 0
|d CDRS
|e CDRS
|g 617.632 ESTANTERIA ABIERTA
|z 1998-80-31
|
| 942 |
|
|
|c BK
|z margoth.maza@ucuenca.edu.ec
|2 ddc
|r vanessa.morales@ucuenca.edu.ec
|
| 999 |
|
|
|c 53754
|d 53754
|